All Characters In Hyrule Warriors Age Of Calamity - Statistics

General Stats
  • This quiz has been taken 68 times
  • The average score is 16 of 18
Answer Stats
Answer % Correct
Link
100%
Daruk
98%
Mipha
98%
Revali
98%
Urbosa
98%
Zelda
98%
Impa
96%
Sidon
96%
Teba
94%
Yunobo
94%
Riju
92%
King Rhoam
88%
Master Kohga
86%
Terrako
84%
Calamity Ganon
76%
Great Fairies
73%
Hestu
73%
Monk Maz Koshia
67%
No matching quizzes found
Score Distribution
Percent of People with Each Score
Percentile by Number Answered
Your Score History
You have not taken this quiz